000 00454nam a2200181Ia 4500
001 2547
005 20260306144815.0
008 260306t2016||||xx |||||||||||||| ||spa||
041 _aESP
082 _a616.8914
_bW42
100 _aWeiser Cornell, Ann
_eAUT
245 0 _aFocusing en la práctica clínica:
_bla esencia del cambio
260 _c2016
300 _a371 páginas :
_c21 cm.
650 _aGEN
654 _aCPS
942 _cLIB
_dJUS
_fJUS
_2ddc
_n
999 _c2547
_d2547